[Event "AUTO-BEG-17"]
[Site "http://www.queenalice.com/game.php?id=91767"]
[Date "2006.8.2"]
[Round "1"]
[White "mast"]
[Black "ThulsaDoom"]
[Result "0-1"]
[WhiteElo "1038"]
[BlackElo "1100"]

1. e4 e5 2. Nf3 d6 3. Bc4 h6 4. O-O Nf6 5. c3 Be7 6. d3 c6 7. Be3 O-O 8. h3 Nbd7
9. Nh4 b5 10. Bb3 Nxe4 11. dxe4 Bxh4 12. Qg4 Nc5 13. Bxh6 Bxg4 14. hxg4 Nxe4 15.
g3 gxh6 16. gxh4 Qxh4 17. Na3 Ng5 18. f3 Nh3+ 19. Kg2 Nf4+ 20. Kg1 Qg3+ 0-1

[Event "AUTO-BEG-17"]
[Site "http://www.queenalice.com/game.php?id=91768"]
[Date "2006.8.2"]
[Round "1"]
[White "ThulsaDoom"]
[Black "Gagarin"]
[Result "1-0"]
[WhiteElo "1517"]
[BlackElo "1827"]

1. e4 c5 2. Nf3 Nc6 3. Bb5 d6 4. d4 cxd4 5. Nxd4 Bd7 6. O-O Nf6 7. e5 Nxe5 8.
Bxd7+ Qxd7 9. Bg5 e6 10. Nc3 Be7 11. Qe2 O-O 12. Ne4 Nxe4 13. Bxe7 Qxe7 14. Qxe4
Rac8 15. f4 Nc4 16. Nb3 d5 17. Qd4 Qb4 18. Qxa7 Nxb2 19. Rfc1 Rc3 20. Rab1 Qxf4
21. Qd4 Qxd4+ 22. Nxd4 Nc4 23. Rxb7 Na3 24. Rb3 Rfc8 25. Kf1 e5 26. Nf5 Kf8 27.
Re1 f6 28. Nd6 R8c7 29. Re2 Ke7 30. Nf5+ Kd7 31. Nxg7 Nxc2 32. Rxc3 Rxc3 33. Nh5
Ke6 34. Ng7+ Kf7 35. Nf5 d4 36. Nd6+ Ke6 37. Ne4 Ne3+ 38. Kf2 Ng4+ 39. Ke1 Re3
40. h3 Rxe2+ 41. Kxe2 Nh6 42. a4 Ng8 43. g4 Kd5 44. Kd3 Kc6 45. Kc4 Kb6 46. Kd5
Ka5 47. Ke6 Kxa4 48. Kf7 Nh6+ 49. Kxf6 Kb4 50. g5 Kc4 51. gxh6 Kd5 52. Kf5 d3
53. h4 Kd4 54. Nd2 Kd5 55. Kg4 Kd4 56. Kf3 e4+ 57. Nxe4 Ke5 58. Ng5 Kf5 59. Nxh7
Kg6 60. Ng5 Kxh6 61. Ke3 1-0

[Event "AUTO-BEG-17"]
[Site "http://www.queenalice.com/game.php?id=91769"]
[Date "2006.8.2"]
[Round "1"]
[White "Gagarin"]
[Black "ThulsaDoom"]
[Result "1-0"]
[WhiteElo "1797"]
[BlackElo "1453"]

1. e4 e5 2. f4 d6 3. Nf3 Nd7 4. Bc4 h6 5. O-O Ngf6 6. Nc3 Qe7 7. d4 c5 8. d5 Qd8
9. f5 Be7 10. Qe2 O-O 11. Be3 Qa5 12. Bd2 Qb6 13. Rab1 Qc7 14. Qf2 Nb6 15. Be2
Bd7 16. Qh4 Rfe8 17. Qg3 Nh5 18. Qg4 Nf6 19. Qh3 Na4 20. Nxa4 Bxa4 21. b3 Bd7
22. Bd3 b5 23. c4 b4 24. g4 Qa5 25. Rb2 Qa3 26. Bc1 Qa5 27. Rg2 Nh7 28. Qh5 Nf6
29. Qh3 Qd8 30. g5 hxg5 31. Nxg5 a5 32. Kh1 a4 33. Rfg1 axb3 34. axb3 Ra1 35.
Nxf7 Kxf7 36. Rxg7+ 1-0

[Event "AUTO-INT-176"]
[Site "http://www.queenalice.com/game.php?id=107730"]
[Date "2006.9.19"]
[Round "1"]
[White "ThulsaDoom"]
[Black "glauco_marcal"]
[Result "1-0"]
[WhiteElo "1599"]
[BlackElo "1250"]

1. e4 e5 2. Nf3 Qe7 3. Nc3 Nh6 4. d4 exd4 5. Qxd4 Qe6 6. Bc4 d5 7. Bxd5 Qg6 8.
O-O Bd6 9. Qa4+ c6 10. Bb3 O-O 11. e5 Bc5 12. Qe4 Qh5 13. Ng5 g6 14. e6 Qxg5 15.
Bxg5 Re8 16. exf7+ Nxf7 17. Qxe8+ Kg7 18. Qxf7+ 1-0

[Event "AUTO-INT-176"]
[Site "http://www.queenalice.com/game.php?id=107731"]
[Date "2006.9.19"]
[Round "1"]
[White "glauco_marcal"]
[Black "ThulsaDoom"]
[Result "0-1"]
[WhiteElo "1327"]
[BlackElo "1634"]

1. Nc3 e6 2. d4 d5 3. Bf4 a6 4. Qd3 Nf6 5. O-O-O Bd6 6. Bg5 O-O 7. Nh3 h6 8. Bh4
Nbd7 9. e3 c5 10. dxc5 Nxc5 11. Qe2 b6 12. Qb5 axb5 13. Bxb5 Be5 14. Ne2 Nce4
15. Rhg1 Rxa2 16. Kb1 Rxb2+ 17. Kc1 Rxb5 18. Rd4 Bb7 19. Ra4 Qc7 20. f3 Nc3 21.
Ng3 Nxa4 22. Rd1 Ba6 23. Nf2 Rb2 24. Nd3 Qxc2# 0-1

[Event "AUTO-INT-176"]
[Site "http://www.queenalice.com/game.php?id=107732"]
[Date "2006.9.19"]
[Round "1"]
[White "ThulsaDoom"]
[Black "CampbellMarcel"]
[Result "0-1"]
[WhiteElo "1596"]
[BlackElo "1610"]

1. e4 Nc6 2. d4 e6 3. Bb5 Nf6 4. Bxc6 bxc6 5. e5 Nd5 6. Nf3 Bb4+ 7. c3 Be7 8.
O-O O-O 9. c4 Nb6 10. c5 Nd5 11. Nbd2 Ba6 12. Re1 f6 13. exf6 Nxf6 14. Qc2 d5
15. Ne5 Bb7 16. Ndf3 Ne4 17. Qb3 Rb8 18. Qa4 Bh4 19. Be3 Rf5 20. Nxc6 Bxc6 21.
Qxc6 Qe7 22. Qa6 Rxb2 23. Qxa7 Nxf2 24. Ne5 Nh3+ 25. gxh3 Bxe1 26. Rxe1 Qh4 27.
Qa8+ Rf8 28. Qa3 Qxe1# 0-1

[Event "AUTO-INT-176"]
[Site "http://www.queenalice.com/game.php?id=107733"]
[Date "2006.9.19"]
[Round "1"]
[White "CampbellMarcel"]
[Black "ThulsaDoom"]
[Result "0-1"]
[WhiteElo "1615"]
[BlackElo "1558"]

1. e4 e5 2. Nf3 d6 3. Bc4 Bg4 4. O-O Qf6 5. Be2 Qg6 6. Nxe5 dxe5 7. Bxg4 Nf6 8.
Bf5 Qh5 9. Qxh5 Nxh5 10. Nc3 Bd6 11. Nd5 O-O 12. c4 Na6 13. a3 c6 14. Ne3 Nf6
15. Ng4 Nxg4 16. Bxg4 Nc5 17. f3 Nb3 18. Ra2 Nd4 19. b4 Rfd8 20. c5 Be7 21. Bb2
Bg5 22. Bxd4 Rxd4 23. Rd1 g6 24. g3 Rad8 25. f4 exf4 26. gxf4 Bxf4 27. d3 Rxd3
28. Rxd3 Rxd3 29. Bc8 b6 30. cxb6 axb6 31. Ba6 Re3 32. Rf2 Rxe4 33. b5 cxb5 34.
Bxb5 Be3 35. Bc6 Bxf2+ 36. Kxf2 Rc4 37. Bb5 Rc5 38. a4 f5 39. Kf3 Kg7 40. h4 Kh6
41. Kf4 Kh5 42. Kg3 Rc3+ 43. Kf4 Kxh4 44. Ke5 Kg5 0-1

[Event "AUTO-INT-176"]
[Site "http://www.queenalice.com/game.php?id=107734"]
[Date "2006.9.19"]
[Round "1"]
[White "ThulsaDoom"]
[Black "Junior_Colegiao"]
[Result "1-0"]
[WhiteElo "1603"]
[BlackElo "1606"]

1. e4 e5 2. Nf3 Nc6 3. Bb5 a6 4. Bxc6 dxc6 5. Nxe5 Bd6 6. Nf3 Bg4 7. d3 Qf6 8.
O-O O-O-O 9. d4 Bxf3 10. e5 Bxd1 11. exf6 Nxf6 12. Rxd1 c5 13. d5 Rhe8 14. Bg5
Be5 15. c3 Rxd5 16. Na3 Bxh2+ 17. Kxh2 Rxg5 18. Kg1 Re2 19. Rab1 1-0

[Event "AUTO-INT-176"]
[Site "http://www.queenalice.com/game.php?id=107735"]
[Date "2006.9.19"]
[Round "1"]
[White "Junior_Colegiao"]
[Black "ThulsaDoom"]
[Result "0-1"]
[WhiteElo "1377"]
[BlackElo "1641"]

1. e4 e5 2. Nf3 d6 3. Nc3 Nf6 4. Bc4 Bg4 5. h3 Bh5 6. O-O Be7 7. d3 O-O 8. Bg5
Nbd7 9. Qe2 h6 10. Bh4 a6 11. a4 c6 12. Qe3 b5 13. axb5 axb5 14. Bb3 Nc5 15. Nd2
Qc7 16. Bg3 Nh7 17. f4 Nxb3 18. Nxb3 exf4 19. Bxf4 Bg5 20. Bxg5 Nxg5 21. Nd4 b4
0-1

[Event "Let's Play Chess!"]
[Site "http://www.queenalice.com/game.php?id=134349"]
[Date "2006.11.28"]
[Round "-"]
[White "ThulsaDoom"]
[Black "Mikalus"]
[Result "0-1"]
[WhiteElo "1650"]
[BlackElo "1402"]

1. Nf3 Nc6 2. d4 d5 3. e3 Nf6 4. c4 Bg4 5. c5 e6 6. Be2 b6 7. b4 Nxb4 8. O-O Bf5
9. Na3 bxc5 10. dxc5 Bxc5 11. Qa4+ c6 12. Bd2 Qd6 13. Bc3 Qe7 14. Bxb4 O-O 15.
Bxc5 Qxc5 16. Rfc1 Qe7 17. Rxc6 Ne4 18. Bd3 Qf6 19. Nd4 Rab8 20. Qxa7 Qg5 21.
Nf3 Qg6 22. Ne5 Qg5 23. Nd7 Bh3 24. Bxe4 dxe4 25. g3 Qf5 26. f4 exf3 27. Kf2
Rb2+ 28. Nc2 Rxc2+ 29. Rxc2 Qxc2+ 30. Kxf3 Bg2+ 31. Kg4 Qe4+ 0-1

[Event "AUTO-INT-258"]
[Site "http://www.queenalice.com/game.php?id=134564"]
[Date "2006.11.29"]
[Round "1"]
[White "ThulsaDoom"]
[Black "wolframwuttkefussballgott"]
[Result "0-1"]
[WhiteElo "1669"]
[BlackElo "1498"]

1. Nf3 d5 2. d4 c5 3. e3 cxd4 4. exd4 e6 5. Bd3 Bd6 6. c3 h6 7. O-O Nf6 8. b3 g6
9. Bb2 Nc6 10. c4 Nb4 11. Be2 Qe7 0-1

[Event "AUTO-INT-258"]
[Site "http://www.queenalice.com/game.php?id=134577"]
[Date "2006.11.29"]
[Round "1"]
[White "ThulsaDoom"]
[Black "CampbellMarcel"]
[Result "1/2-1/2"]
[WhiteElo "1658"]
[BlackElo "1913"]

1. d4 e6 2. c4 b6 3. Nf3 Bb7 4. e3 g6 5. Nc3 Bg7 6. Bd3 Nf6 7. b3 a5 8. a4 Nc6
9. Ba3 d6 10. O-O O-O 11. h3 Re8 12. Nb5 Nb4 13. Bxb4 axb4 14. c5 dxc5 15. Qc2
Bxf3 16. dxc5 Bd5 17. cxb6 cxb6 18. Rad1 Rc8 19. Qe2 Bxb3 20. Rb1 Bxa4 21. Rxb4
Bxb5 22. Bxb5 Re7 23. Rd1 Nd5 24. e4 Nxb4 25. Rxd8+ Rxd8 26. Ba4 Ra7 27. Qb5 Nd3
28. Bc2 Rad7 29. Qxb6 Be5 30. g3 h5 31. Ba4 Rd6 32. Qb5 f6 33. h4 Ne1 34. Qb4
Nf3+ 35. Kg2 Rd4 36. Qe7 Ne1+ 37. Kf1 Nf3 38. Bb3 Nd2+ 39. Kg2 Nxb3 40. Qxe6+
Kg7 41. Qxb3 Rd1 42. Qe6 R1d4 43. Qb6 Rd2 44. Qb7+ R8d7 45. Qb4 g5 46. hxg5 fxg5
47. Qb5 Bc7 48. Qxg5+ Kf8 49. Qf6+ Ke8 50. Qg6+ Ke7 51. Qg5+ Kd6 52. e5+ Kc6 53.
Qxh5 R2d5 54. Qg6+ Kc5 55. e6 Re7 56. Qc2+ Kd6 57. Qe2 Rxe6 58. Qa6+ Kd7 59.
Qa4+ Rc6 60. Qg4+ Kd6 61. Qf4+ Kc5 62. Qe3+ Kd6 63. Qf4+ Kc5 64. Qe3+ Kd6 65.
Qf4+ 1/2-1/2

[Event "AUTO-INT-258"]
[Site "http://www.queenalice.com/game.php?id=134578"]
[Date "2006.11.29"]
[Round "1"]
[White "CampbellMarcel"]
[Black "ThulsaDoom"]
[Result "0-1"]
[WhiteElo "1624"]
[BlackElo "1614"]

1. e4 c5 2. Bc4 e5 3. Nf3 Nc6 4. O-O Nf6 5. d3 Be7 6. Nc3 O-O 7. Re1 d6 8. Bg5
a6 9. Nd5 b5 10. Nxe7+ Qxe7 11. Bb3 Bg4 12. h3 Bd7 13. c4 b4 14. Re3 Nd8 15. Nh4
Ne6 16. Bxf6 Qxf6 17. Nf5 Nf4 18. a3 Qg6 19. Rg3 Qf6 20. Rxg7+ Kh8 21. axb4 Bxf5
22. Rg3 Bg6 23. bxc5 Bh5 24. f3 dxc5 25. Ba4 Qh4 26. Kh2 Rg8 27. Rxg8+ Rxg8 28.
g4 Qxh3+ 29. Kg1 Qg2# 0-1

[Event "AUTO-INT-258"]
[Site "http://www.queenalice.com/game.php?id=134579"]
[Date "2006.11.29"]
[Round "1"]
[White "ThulsaDoom"]
[Black "csadler"]
[Result "1-0"]
[WhiteElo "1636"]
[BlackElo "1717"]

1. Nf3 Nf6 2. d4 g6 3. c4 Bg7 4. e3 d5 5. Nc3 O-O 6. Be2 c6 7. b3 Bg4 8. O-O
Nbd7 9. Ba3 Re8 10. h3 Bxf3 11. Bxf3 e6 12. Ne2 Rc8 13. Qc2 a6 14. Nf4 dxc4 15.
bxc4 b5 16. Bb4 a5 17. Bd2 b4 18. a4 Qc7 19. c5 e5 20. dxe5 Nxe5 21. Be2 Red8
22. Bc1 Nd5 23. Nxd5 Rxd5 24. e4 Rdd8 25. Bg5 Rd7 26. f4 Nf3+ 27. Bxf3 Bxa1 28.
Rxa1 Rd4 29. Bf6 Rcd8 30. Qf2 Rd3 31. Qh4 h5 32. Bxh5 Rd1+ 33. Bxd1 1-0

[Event "AUTO-INT-258"]
[Site "http://www.queenalice.com/game.php?id=134580"]
[Date "2006.11.29"]
[Round "1"]
[White "csadler"]
[Black "ThulsaDoom"]
[Result "1-0"]
[WhiteElo "1788"]
[BlackElo "1636"]

1. Nf3 e6 2. c4 Nf6 3. d4 d5 4. Nc3 Bb4 5. e3 O-O 6. Bd3 b6 7. O-O Bb7 8. a3 Bd6
9. cxd5 Nxd5 10. e4 Nxc3 11. bxc3 c5 12. Be3 Nc6 13. Rc1 Na5 14. e5 cxd4 15.
cxd4 Bxa3 16. Ra1 Bb4 17. Bxh7+ Kh8 18. Ng5 Qd5 19. Be4 Qd7 20. Qh5+ 1-0

[Event "AUTO-BEG-17"]
[Site "http://www.queenalice.com/game.php?id=148411"]
[Date "2006.12.31"]
[Round "3"]
[White "Gagarin"]
[Black "ThulsaDoom"]
[Result "1-0"]
[WhiteElo "1838"]
[BlackElo "1615"]

1. e4 e5 2. Nf3 d6 3. d4 exd4 4. Nxd4 Nf6 5. Nc3 c5 6. Bb5+ Nbd7 7. Nf5 a6 8.
Bxd7+ Bxd7 9. Nxd6+ Bxd6 10. Qxd6 Rc8 11. Bg5 Rc6 12. Qe5+ Be6 13. Rd1 Qe7 14.
Nd5 Bxd5 15. Qb8+ Qd8 16. Qxd8+ Kxd8 17. O-O Re8 18. exd5 Rb6 19. b3 Rd6 20. c4
Kd7 21. Bxf6 Rxf6 22. Rfe1 1-0

[Event "AUTO-BEG-17"]
[Site "http://www.queenalice.com/game.php?id=148412"]
[Date "2006.12.31"]
[Round "3"]
[White "ThulsaDoom"]
[Black "Gagarin"]
[Result "0-1"]
[WhiteElo "1622"]
[BlackElo "1898"]

1. Nf3 d5 2. d4 Nc6 3. e3 e5 4. dxe5 Bg4 5. Be2 Bb4+ 6. Nc3 Nge7 7. O-O Bxc3 8.
bxc3 Ng6 9. Ba3 Ncxe5 10. Nxe5 Bxe2 11. Qxe2 Nxe5 12. f4 Nc4 13. Bb4 b6 14. e4
Nd6 15. exd5+ Qe7 16. Rae1 Qxe2 17. Rxe2+ Kd7 18. c4 Rhe8 19. c5 Rxe2 0-1